| 000 | 02671nam a2200313 a 4500 | ||
|---|---|---|---|
| 008 | 070426s1997 ||||||||||||||||| || u | ||
| 020 | _a2831704197 | ||
| 050 | _aTD 194.6 Wor | ||
| 100 | _aThe World Conservation Union | ||
| 245 | 1 | 0 | _aSummary proceedings of IUCN drought study follow-up workshop on the environmental impact of 1991 - 1992 drought on Zambia |
| 260 |
_aLusaka _bIUCN _c1997 |
||
| 300 | _a170p.: ill. | ||
| 350 | _a0.00 | ||
| 650 | _aDROUGHTS--KENYA | ||
| 650 | _aENVIRONMENTAL IMPACT ASSESSEMENT--ZAMBIA | ||
| 995 |
_aTEXTBOOKS (SNR) _D0.00 _e4074 _FCBU-SCHOOL TEXTBOOK COLLECTIONS _H1 _I0.00 _jSCHOOL TEXTBOOK _M9 _UAVAILABLE _WJul 28, 2009 _y4074 _ZSchool Collections |
||
| 995 |
_aMAIN LIBRARY OPEN ACCESS _D0.00 _e737123 _FCBU-MAIN LIBRARY (Kitwe) _H1 _I0.00 _jTD 194.6 WOR _M5 _UAVAILABLE _WMay 9, 2007 _y41901 _ZMain Library Open Access Collection |
||
| 995 |
_aTEXTBOOKS (SNR) _D0.00 _e4077 _FCBU-SCHOOL TEXTBOOK COLLECTIONS _H1 _I0.00 _jSCHOOL TEXTBOOK _M12 _UAVAILABLE _WJul 28, 2009 _y4077 _ZSchool Collections |
||
| 995 |
_aANNEX COLLECTION (Main Library) _D0.00 _e737129 _FCBU-MAIN LIBRARY (Kitwe) _H1 _I0.00 _jTD 194.6 WOR _M8 _UAVAILABLE _WMay 9, 2007 _y41895 _ZAnnex Low-Usage Collection |
||
| 995 |
_aTEXTBOOKS (SNR) _D0.00 _e4075 _FCBU-SCHOOL TEXTBOOK COLLECTIONS _H1 _I0.00 _jSCHOOL TEXTBOOK _M10 _UAVAILABLE _WJul 28, 2009 _y4075 _ZSchool Collections |
||
| 995 |
_aANNEX COLLECTION (Main Library) _D0.00 _e737130 _FCBU-MAIN LIBRARY (Kitwe) _H1 _I0.00 _jTD 194.6 WOR _M1 _UAVAILABLE _WMay 9, 2007 _y41896 _ZAnnex Low-Usage Collection |
||
| 995 |
_aTEXTBOOKS (SNR) _D0.00 _e4076 _FCBU-SCHOOL TEXTBOOK COLLECTIONS _H1 _I0.00 _jSCHOOL TEXTBOOK _M11 _UAVAILABLE _WJul 28, 2009 _y4076 _ZSchool Collections |
||
| 995 |
_aTEXTBOOKS (SNR) _D0.00 _e4078 _FCBU-SCHOOL TEXTBOOK COLLECTIONS _H1 _I0.00 _jSCHOOL TEXTBOOK _M13 _UAVAILABLE _WJul 28, 2009 _y4078 _ZSchool Collections |
||
| 995 |
_aSPECIAL COLLECTIONS _D0.00 _e737128 _FCBU-MAIN LIBRARY (Kitwe) _H1 _I0.00 _jZAM TD 194.6 WOR _M6 _UAVAILABLE _WMay 9, 2007 _y41898 _ZZambiana Collection |
||
| 995 |
_aANNEX COLLECTION (Main Library) _D0.00 _e737127 _FCBU-MAIN LIBRARY (Kitwe) _H1 _I0.00 _jTD 194.6 WOR _M7 _UAVAILABLE _WMay 9, 2007 _y41897 _ZAnnex Low-Usage Collection |
||
| 995 |
_aMAIN LIBRARY OPEN ACCESS _D0.00 _e737124 _FCBU-MAIN LIBRARY (Kitwe) _H1 _I0.00 _jTD 194.6 WOR _M4 _UAVAILABLE _WMay 9, 2007 _y41902 _ZMain Library Open Access Collection |
||
| 995 |
_aSPECIAL COLLECTIONS _D0.00 _e737126 _FCBU-MAIN LIBRARY (Kitwe) _H1 _I0.00 _jZAM TD 194.6 WOR _M2 _UAVAILABLE _WMay 9, 2007 _y41900 _ZZambiana Collection |
||
| 995 |
_aANNEX COLLECTION (Main Library) _D0.00 _e737125 _FCBU-MAIN LIBRARY (Kitwe) _H1 _I0.00 _jTD 194.6 WOR _M3 _UAVAILABLE _WMay 9, 2007 _y41899 _ZAnnex Low-Usage Collection |
||
| 999 |
_c80820 _d80820 |
||